000 00770nam a22002177a 4500
003 UA-OsUOA
001 134136
007 ta
008 20181120b un ||||| |||| 00| 0 ukr d
100 _aЧорнобров Ю.
090 _a81
_bЧ-75
942 _cSA
040 _aUA-OsUOA
_bukr
_cUA-OsUOA
_dUA-OsUOA
245 _aФормування поняття й номінації складного речення в українському мовознавстві в ХХ - 50-ті роках ХХ ст.
300 _aС.67-76
955 _a0
041 _aukr
080 _a81
773 0 _w134131
_tУкраїнська мова
_dК.
_d2018
_g2
650 7 _a8 Мовознавство. Художня література. Літературознавство
_2UDC
999 _c423026
_d423026